Online
Catalog
Normal view MARC view

Entry Nombre personal

Number of records used in: 57

001 - NÚMERO DE CONTROL

  • campo de control: 7291

003 - IDENTIFICADOR DEL NÚMERO DE CONTROL

  • campo de control: BNPHU

005 - FECHA Y HORA DE LA ÚLTIMA TRANSACCIÓN

  • campo de control: 20260304093546.0

008 - DATOS DE LONGITUD FIJA

  • campo de control de longitud fija: 200615|| aca||aabn | a|a d

010 ## - NÚMERO DE CONTROL DE LA BIBLIOTECA DEL CONGRESO

  • Número de control de LC: n 85018620

040 ## - FUENTE DE LA CATALOGACIÓN

  • Centro catalogador/agencia de origen: DO-SdBNP
  • Lengua de catalogación: spa
  • Centro/agencia transcriptor: BNPHU
  • Normas de descripción: rda

046 ## - FECHAS CON CODIFICACIÓN ESPECIAL

  • Fecha de nacimiento: 19531226

100 1# - ENCABEZAMIENTO-NOMBRE DE PERSONA

  • Nombre de persona: Fernández, Leonel,
  • Fechas asociadas al nombre: 1953-

370 ## - LUGAR ASOCIADO

  • Lugar de nacimiento: Distrito Nacional (República Dominicana)

372 ## - CAMPO DE ACTIVIDAD

  • Campo de actividad: Derecho

374 ## - OCUPACIÓN

  • Ocupación: Abogado
  • Ocupación: Profesor
  • Ocupación: Político
  • Ocupación: Escritor

375 ## - GÉNERO/SEXO

  • Género/Sexo: Masculino

377 ## - LENGUA/LENGUAJE ASOCIADO

  • Código del idioma: spa
  • Término de lengua/lenguaje: Español
  • Código del idioma: En
  • Término de lengua/lenguaje: Inglés

378 ## - FORMA COMPLETA/DESARROLLADA DEL NOMBRE

  • Forma completa/desarrollada del nombre: Leonel Antonio Fernández Reyna

400 1# - TRAZADO DE VÉASE--NOMBRE DE PERSONA

  • Nombre de persona: Fernández Reyna, Leonel
  • Fechas asociadas al nombre: 1953-

400 ## - TRAZADO DE VÉASE--NOMBRE DE PERSONA

  • Nombre de persona: Fernández Reyna, Leonel Antonio,
  • Fechas asociadas al nombre: 1953-

400 1# - TRAZADO DE VÉASE--NOMBRE DE PERSONA

  • Nombre de persona: Reyna, Leonel Fernández
  • Fechas asociadas al nombre: 1953-

510 ## - TRAZADO DE VÉASE ADEMÁS--NOMBRE DE ENTIDAD CORPORATIVA

  • Nombre de entidad corporativa o nombre de jurisdicción como elemento de entrada: República Dominicana .
  • Unidad subordinada: Presidente (1996-2000 : Fernández)

510 ## - TRAZADO DE VÉASE ADEMÁS--NOMBRE DE ENTIDAD CORPORATIVA

  • Nombre de entidad corporativa o nombre de jurisdicción como elemento de entrada: República do Dominicana
  • Unidad subordinada: Presidente (2004-2012 : Fernández)

670 ## - FUENTE DE DATOS ENCONTRADOS

  • Cita de la fuente: Los Estados Unidos en el Caribe, 1984

670 ## - FUENTE DE DATOS ENCONTRADOS

  • Cita de la fuente: El delito de opinión pública, 1979

670 ## - FUENTE DE DATOS ENCONTRADOS

  • Cita de la fuente: https://es.wikipedia.org/wiki/Leonel_Fernández. Consultado en 21/02/2024

670 ## - FUENTE DE DATOS ENCONTRADOS

  • Identificador Uniforme del Recurso: https://authorities.loc.gov/cgi-bin/Pwebrecon.cgi?AuthRecID=3388788&v1=1&HC=1&SEQ=20240222121559&PID=JAex67wzRajgl5I7M7Oy5QF6XGtAD.

Powered by Koha